| 000 | 02670cam a2200481 i 4500 | ||
|---|---|---|---|
| 001 | 200436075 | ||
| 003 | TR-AnTOB | ||
| 005 | 20260121090347.0 | ||
| 007 | ta | ||
| 008 | 041129t20052015maua b 001 0 eng | ||
| 010 | _a2004064985 | ||
| 015 |
_aGBA459220 _2bnb |
||
| 020 | _a0262072572 (alk. paper) | ||
| 020 | _a9780262072571 (alk. paper) | ||
| 020 | _a0262572222 (pbk. : alk. paper) | ||
| 020 | _a9780262572224 (pbk. : alk. paper) | ||
| 035 |
_a(OCoLC)57170246 _z(OCoLC)60511546 |
||
| 035 | _a(TR-AnTOB)200436075 | ||
| 040 |
_aDLC _beng _erda _cDLC _dIXA _dMUQ _dBAKER _dNLGGC _dBTCTA _dYDXCP _dMBB _dUKM _dIAK _dUQ1 _dOCLCG _dIG# _dHEBIS _dDEBBG _dOCLCQ _dOCL _dDEBSZ _dMTU _dTR-AnTOB |
||
| 041 | 0 | _aeng | |
| 042 | _apcc | ||
| 050 | 0 | 0 |
_aH61 _b.G46 2005 |
| 090 |
_aH61 _b.G46 2005 |
||
| 092 |
_a300.722 _bG347c |
||
| 100 | 1 |
_aGeorge, Alexander L. _eauthor _0http://id.loc.gov/authorities/names/n80020504 _931504 |
|
| 245 | 1 | 0 |
_aCase studies and theory development in the social sciences / _cAlexander L. George and Andrew Bennett. |
| 264 | 1 |
_aCambridge, Mass. : _bMIT Press, _c[2005] |
|
| 264 | 4 | _c©2005 | |
| 300 |
_axv, 331 pages : _billustrations ; _c24 cm |
||
| 336 |
_atext _btxt _2rdacontent |
||
| 337 |
_aunmediated _bn _2rdamedia |
||
| 338 |
_avolume _bnc _2rdacarrier |
||
| 490 | 0 | _aBCSIA studies in international security | |
| 504 | _aIncludes bibliographical references and index. | ||
| 505 | 0 | _apt. I. Case studies and social science. Case studies and theory development ; Case study methods and research on the interdemocratic peace -- A pedagogical note to Parts II and III -- pt. II. How to do case studies. The method of structured, focused comparison ; Phase one: Designing case study research ; Phase two: Carrying out the case studies ; Phase three: Drawing the implications of case findings for theory -- pt. III. Alternative methods and select issues. Case studies and the philosophy of science ; Comparative methods: controlled comparison and within-case analysis ; The congruence method ; Process-tracing and historical explanation ; Integrating comparative and within-case analysis: typological theory ; Case studies and policy-relevant theory -- Appendix: Studies that illustrate research design. | |
| 650 | 0 |
_aSocial sciences _vCase studies _9125417 |
|
| 650 | 0 |
_aSocial sciences _xMethodology _0http://id.loc.gov/authorities/subjects/sh85124011 _96183 |
|
| 655 | 7 |
_aCase studies _2lcgft _0http://id.loc.gov/authorities/genreForms/gf2017026140 _9151426 |
|
| 700 | 1 |
_aBennett, Andrew, _d1960- _eauthor _0http://id.loc.gov/authorities/names/n2007065996 _9125418 |
|
| 942 |
_2lcc _cBK |
||
| 999 |
_c200436075 _d54287 |
||